Writing about architecture : (Record no. 14355)

000 -LEADER
fixed length control field 00845cam a2200241 a 4500
003 - CONTROL NUMBER IDENTIFIER
control field OSt
005 - DATE AND TIME OF LATEST TRANSACTION
control field 20260214114248.0
008 - FIXED-LENGTH DATA ELEMENTS--GENERAL INFORMATION
fixed length control field 110802s2012 nyua b 001 0 eng
020 ## - INTERNATIONAL STANDARD BOOK NUMBER
International Standard Book Number 9781616890537
Qualifying information pbk. : alk. paper
035 ## - SYSTEM CONTROL NUMBER
System control number 16900662
082 00 - DEWEY DECIMAL CLASSIFICATION NUMBER
Classification number 720.1
Edition number 23
100 1# - MAIN ENTRY--PERSONAL NAME
Personal name Lange, Alexandra.
245 10 - TITLE STATEMENT
Title Writing about architecture :
Remainder of title mastering the language of buildings and cities /
Statement of responsibility, etc Alexandra Lange ; with photographs by Jeremy M. Lange.
246 30 - VARYING FORM OF TITLE
Title proper/short title Mastering the language of buildings and cities
250 ## - EDITION STATEMENT
Edition statement 1st ed.
260 ## - PUBLICATION, DISTRIBUTION, ETC. (IMPRINT)
Place of publication, distribution, etc New York :
Name of publisher, distributor, etc Princeton Architectural Press,
Date of publication, distribution, etc c2012.
300 ## - PHYSICAL DESCRIPTION
Extent 192 p. :
Other physical details ill. ;
Dimensions 22 cm.
490 0# - SERIES STATEMENT
Series statement Architecture brief series
504 ## - BIBLIOGRAPHY, ETC. NOTE
Bibliography, etc Includes bibliographical references (p. 187-191) and index.
650 #0 - SUBJECT ADDED ENTRY--TOPICAL TERM
Topical term or geographic name as entry element Architectural criticism.
700 1# - ADDED ENTRY--PERSONAL NAME
Personal name Lange, Jeremy M.
942 ## - ADDED ENTRY ELEMENTS (KOHA)
Source of classification or shelving scheme
Holdings
Withdrawn status Lost status Source of classification or shelving scheme Damaged status Koha normalized classification for sorting Not for loan Permanent location Current location Shelving location Date acquired Full call number Barcode Date last seen Price effective from Koha item type
        720_100000000000000   BMS College of Architecture, Design and Planning BMS College of Architecture, Design and Planning General Stacks 2025-12-19 720.1 AR-UG5294 2026-02-10 2026-02-10 UG Books
Copyright © 2025, The Librarian, Library and Information Centre, BMSCA D&P, Bengaluru. All Rights Reserved
web counter

Powered by Koha